banner-ar

تاريخ علم الفلك العربى / (Record no. 35825)

MARC details
000 -الفاتح
حقل البيانات ثابتة الطول 00789nam a2200217Ia 4500
005 - وقت وتاريخ اخر تعامل مع التسجيلة
رقم الضبط 20240530102957.0
008 - عناصر البيانات ثابتة الطول - معلومات عامة
حقل البيانات ثابتة الطول 140319s9999 xx 000 0 ara d
040 ## - مصدر الفهرسة
وكالة الفهرسة الأصلية GCL /
وكالة النسخ GCL
082 04 - رقم تصنيف ديوى العشرى
رقم التصنيف 520.953
رقم المادة م ت
100 1# - المدخل الرئيسى - إسم شخصى
الإسم الشخصى مؤيد الدين المرضى
245 10 - بيان العنوان
العنوان تاريخ علم الفلك العربى /
بيان المسئوليه,etc مؤيد الدين المرضى ؛ تحقيق وتقديم جورج صليبا
490 ## - بيان السلسلة
عنوان السلسلة سلسلة تاريخ العلوم عند العرب
رقم المجلد/ التعيين التسلسلي 2
650 04 - المدخل الاضافى بالموضوع-مصطلح موضوعى
مصطلح موضوعي العلماء
650 04 - المدخل الاضافى بالموضوع-مصطلح موضوعى
مصطلح موضوعي العلوم عند العرب
650 04 - المدخل الاضافى بالموضوع-مصطلح موضوعى
مصطلح موضوعي العلماء العرب
650 04 - المدخل الاضافى بالموضوع-مصطلح موضوعى
مصطلح موضوعي علم الهيئة
700 0# - المدخل الاضافى - اسم شخصى
رمز الرابط جورج صليبا
الدور محقق ومقدم
942 ## - عناصر المدخل الإضافي( كوها)
مصدر التصنيف او مخطط الترفيف Dewey Decimal Classification
Koha [default] item type كتاب
260 ## - PUBLICATION, DISTRIBUTION, ETC. (IMPRINT)
-- [S.N] :
-- مركز دراسات الوحدة العربية
Holdings
حالة التراجع حالة الفقد حالة تلف ليس للاعارة المكان المؤقت الموقع الحالى تاريخ الاكتساب اجمالي اﻻعارات رقم الطلب الباركود تاريخ اخر مشاهدة تاريخ تفعيل السعر نوع وعاء كوها
        مكتبة القاهرة الكبرى مكتبة القاهرة الكبرى 03/26/2014   520.953\م ت 87304 03/26/2014 03/26/2014 كتاب
        مكتبة القاهرة الكبرى مكتبة القاهرة الكبرى 03/26/2014   520.953\م ت 87305 03/26/2014 03/26/2014 كتاب
        مكتبة القاهرة الكبرى مكتبة القاهرة الكبرى 03/26/2014   520.953\م ت 87306 03/26/2014 03/26/2014 كتاب
        مكتبة القاهرة الكبرى مكتبة القاهرة الكبرى 03/26/2014   520.953\م ت 87307 03/26/2014 03/26/2014 كتاب

Powered By

EGPV